Skokem plavmo /

Main Author: Šrámek, Vladimír, 1958-
Other Authors: David, David, 1972-
Language: Czech
Published: Brno : Weles ve spolupráci s Masarykovou univerzitou, 2010
Series: Srdeční výdej (Masarykova univerzita)
Online Access: Digitalizovaný dokument
Physical Description: 149 s. : il. ; 19 cm
Book
Saved in:
LEADER 01517nam a2200385 a 4500
001 nkc20112162253
003 CZ PrNK
005 20110310145220.0
007 ta
008 110121s2010 xr a g 000 j cze
015 |a cnb002162253 
020 |a 978-80-87483-00-8  |q (Weles ;  |q váz.) 
020 |a 978-80-210-5286-4  |q (Masarykova univerzita ;  |q váz.) 
035 |a (OCoLC)713795420 
040 |a OLA001  |b cze  |d ABA001 
072 7 |a 821.162.3-3  |x Česká próza  |2 Konspekt  |9 25 
080 |a 821.162.3-32  |2 MRF 
080 |a (0:82-32)  |2 MRF 
100 1 |a Šrámek, Vladimír,  |d 1958-  |7 xx0002872  |4 aut 
245 1 0 |a Skokem plavmo /  |c Vladimír Šrámek ; [výtvarný doprovod David David] 
260 |a Brno :  |b Weles ve spolupráci s Masarykovou univerzitou,  |c 2010 
300 |a 149 s. :  |b il. ;  |c 19 cm 
490 1 |a Srdeční výdej 
655 7 |a české povídky  |7 fd133971  |2 czenas 
655 9 |a Czech short stories  |2 eczenas 
700 1 |a David, David,  |d 1972-  |7 ola2006345302  |4 ill 
830 0 |a Srdeční výdej (Masarykova univerzita)  |0 s 
856 4 1 |u http://www.digitalniknihovna.cz/mzk/uuid/uuid:dbad9180-53b6-11ea-a9e6-005056827e51  |y Digitalizovaný dokument  |x NDK 
910 2 |a BOA001  |b 1-1261.471 
928 9 |a Masarykova univerzita 
990 |a BK 
995 |a 01 
991 |b 201103  |e b 
996 6 |b 2610468411  |c 1-1261.471  |l MZK  |r Sklad / do 1 hodiny  |n 0  |p p.v.  |w 001169488  |u 000010  |a 1  |e BOA001  |j MZK50  |s P 
996 7 |b 2610468412  |c 1-1261.471  |l MZK  |r Sklad / do 1 hodiny  |n 2  |p p.v.  |w 001169488  |u 000020  |a 1  |e BOA001  |j MZK50  |s A